[Event "Sheikh Kamal Online Inv"]
[Site "Tornelo INT"]
[Date "2021.08.27"]
[Round "1"]
[White "Mohammad, Nubairshah Shaikh"]
[Black "Basil, Shareef"]
[Result "1-0"]
[WhiteElo "2432"]
[BlackElo "1596"]
[PlyCount "121"]
[EventDate "2021.08.27"]
[EventType "tourn (rapid)"]
[EventRounds "9"]
[EventCountry "BAN"]
[SourceTitle "CBM 204 Extra"]
[Source "ChessBase"]
[SourceDate "2021.11.30"]
[SourceVersion "1"]
[SourceVersionDate "2021.11.30"]
[SourceQuality "1"]

1. c4 Nf6 2. Nc3 e6 3. Nf3 d5 4. d4 Be7 5. Bg5 0-0 6. e3 Nbd7 7. Qc2 c6 8. cxd5 Nxd5 9. Bxe7 Qxe7 10. Nxd5 exd5 11. Bd3 g6 12. 0-0 Nf6 13. Rab1 Bg4 14. Ne5 Be6 15. b4 Nd7 16. Nf3 Bg4 17. Nd2 f5 18. Rfe1 Rae8 19. b5 c5 20. dxc5 Qxc5 21. h3 Bh5 22. Nb3 Qb6 23. a4 Rc8 24. Qd2 Nc5 25. Nxc5 Rxc5 26. Bc2 Rfc8 27. Bb3 Qd6 28. Qd4 b6 29. f3 Bxf3 30. Rb2 Be4 31. Rd2 Kf8 32. Qh8+ Ke7 33. Qxh7+ Kf6 34. Qh4+ Kg7 35. Red1 Rc1 36. Bxd5 Rxd1+ 37. Rxd1 Bxd5 38. Qd4+ Kf7 39. Qxd5+ Qxd5 40. Rxd5 Ke6 41. Rd4 Rc7 42. Kf2 Ke5 43. h4 Rh7 44. Kf3 Rc7 45. g3 Rc1 46. Rd7 Rf1+ 47. Ke2 Rg1 48. Kf2 Ra1 49. Rxa7 Ke4 50. Re7+ Kd3 51. Rd7+ Ke4 52. Rd4+ Ke5 53. Kf3 Rf1+ 54. Kg2 Ra1 55. Kf2 Rb1 56. Rc4 Ra1 57. Rc6 Rxa4 58. Rxg6 Ke4 59. Re6+ Kd5 60. Rxb6 Ra2+ 61. Kf3 1-0

[Event "FISCA Online op"]
[Site "Chess.com INT"]
[Date "2020.06.26"]
[Round "7"]
[White "Basil, Shareef"]
[Black "Arhan, Chethan Anand"]
[Result "1-0"]
[WhiteElo "1571"]
[BlackElo "1979"]
[PlyCount "149"]
[EventDate "2020.06.19"]
[EventType "swiss"]
[EventRounds "9"]
[EventCountry "ROU"]
[SourceTitle "CBM 197 Extra"]
[Source "ChessBase"]
[SourceDate "2020.09.30"]
[SourceVersion "1"]
[SourceVersionDate "2020.09.30"]
[SourceQuality "1"]

1. e4 c5 2. Nf3 d6 3. d4 cxd4 4. Nxd4 Nf6 5. Nc3 a6 6. Bc4 e6 7. Bb3 Be7 8. g4 h6 9. h3 b5 10. f3 Qc7 11. Be3 Nbd7 12. Bxe6 fxe6 13. Nxe6 Qc4 14. Nxg7+ Kf7 15. Nf5 b4 16. Nd5 Nxd5 17. Qxd5+ Qxd5 18. exd5 Nf6 19. Nxh6+ Kg7 20. g5 Nxd5 21. Bd4+ Bf6 22. 0-0-0 Bxd4 23. Rxd4 Be6 24. f4 Nc7 25. Rxd6 Rhf8 26. Rc6 Rac8 27. Re1 Rfe8 28. f5 Bd7 29. Rg6+ Kh7 30. Rxe8 Rxe8 31. Rd6 Bb5 32. f6 Re1+ 33. Kd2 Re2+ 34. Kd1 Re6 35. Rd8 Be8 36. f7 Bxf7 37. Rd7 Nb5 38. Nxf7 Kg6 39. h4 Re4 40. Nh8+ Kf5 41. g6 Rxh4 42. g7 Rg4 43. Nf7 Rxg7 44. Nd6+ Kg6 45. Rxg7+ Kxg7 46. Nxb5 axb5 47. Kd2 Kf6 48. Kd3 Ke5 49. Ke3 Kd5 50. Kd3 Ke5 51. c4 bxc3 52. Kxc3 Kd5 53. Kb4 Kc6 54. Ka5 Kc5 55. b4+ Kc4 56. a3 Kb3 57. Kxb5 Kxa3 58. Ka5 Kb3 59. b5 Kc3 60. b6 Kd3 61. b7 Kd4 62. b8Q Kd3 63. Qb4 Ke3 64. Qc4 Kf3 65. Qd4 Kg3 66. Qe4 Kf2 67. Qd3 Kg2 68. Qe3 Kh2 69. Qg5 Kh3 70. Kb4 Kh2 71. Kc3 Kh3 72. Kd3 Kh2 73. Ke3 Kh3 74. Kf2 Kh2 75. Qg2# 1-0